00472nam a2200157Ia 4500001001000000003000500010008004100015010001100056040000900067100001900076245006800095260004600163300001000209440005100219650004400270Para_5299CHAP220125s1919 xx 000 0 und d a203828 cCHAP aYothers, W. W. aThe wolly white fly in Florida citrus groves /c W. W. Yothers aWashington :b Department of Agriculture a14 p. aEUA. Dept. of Agriculture Farmers' bull.; 1011 aDialeurodes citri Cítricos x Plagas